| 000 | 01049nam a2200313Ia 4500 | ||
|---|---|---|---|
| 001 | Para_103 | ||
| 003 | CHAP | ||
| 008 | 220125s1989 xx 000 0 und d | ||
| 010 | _a198827 | ||
| 040 | _cCHAP | ||
| 090 | _aPA FOLLETO 3070 | ||
| 100 |
_aHerrera Andrade, Jose Luis _954823 |
||
| 245 |
_aGuía para producir cebada en el Valle de Mexicali / _c por Jose Luis Herrera Andrade, Jesús Eduardo Pérez Rico y Marcelo Machain Lillingston |
||
| 260 |
_aMexicali, B.C. : _b INIFAP. Campo Experimental Valle de Méxicali |
||
| 300 | _a18 p. | ||
| 410 | _aFolleto para productores; 19 | ||
| 650 |
_aCebada _xCalifornia _9164126 |
||
| 700 | _a | ||
| 700 |
_aI. Pérez Rico, Jesús Eduardo _9164130 |
||
| 700 |
_aII. Machain Lillingston, Marcelo _9164131 |
||
| 710 |
_aIII. INIFAP. México. Campo Experimental Valle de Méxicali _9164132 |
||
| 901 | _aPA FOLLETO 3070 | ||
| 902 | _aA | ||
| 905 | _a0000001989 0000000000 00 | ||
| 910 | _a1989 | ||
| 942 | _cPARA | ||
| 942 |
_cPARA _d1 |
||
| 999 |
_c198827 _d198827 |
||